00360nam a2200145Ia 4500008004100000020001300041041000800054082001700062100002000079245001900099250000600118260006100124300001100185650001800196210716s1988 xx 000 0 und d a78812925 aeng a005.133 FEIW aFeibel, Werner. aUsing quick c. a1 aNew DelhibTata McGraw Hill Publishing Company Ltdc1988 axv,606 aC Programming